1576 1536 1348 1483 1668 1853 1013 1586 1484 1527 1668 1128 1930 1811 1593 1103 1573 1872 1252 1142 1165 1187 1451 1660 1321 1203 1699 1393 1038 1669 1091 1801 1411 1585 1026 1583 1722 1370 1544 1108 1216 1855 1644 1543 1452 1313 1985 1207 1786 1057 1519 1003 1410 1414 1403 1820 1834 1535 1922 1159 1290 1918 1587 1670 1917 1184 1367 1678 1561 1733 1615 1585 1226 1927 1198 1523 1558 1764 1565 1517 1160 1918 1889 1306 1688 1414 1591 1751 1118 1967 1762 1805 1930 1464 1002 1976 1681 1691 1489 BCNSPRNW ULIB Ver.6.0+V

เปลี่ยนเป็นภาษาไทย

Change to English
 แสดงรายละเอียดบรรณานุกรม
  กลับหน้าหลัก

Brief Record : Get Marc (ISO 2709) : E-mail record : QR code < ปิดหน้าต่าง
LEADER : 00000nam 2200000uu 4500
001    13399127465
003     ULIB
008    200602s2017||||th 000 0 tha d
020    ^a9781506256382 (pbk.)
050  4 ^aPE1128^bL887Be
100 1  ^aLougheed, Lin,^d1946-
245 10 ^aBarron s essential words for the IELTS /^cLin Lougheed
246 30 ^aEssential words for the IELTS
250    ^a3rd ed.
260    ^aHauppauge, N.Y. :^bBarron s Educational Series,^c2017
300    ^a379 p. :^bill. ;^c23 cm. +^e1 CD-ROM
650  0 ^aInternational English Language Testing System^vStudyguides
650  0 ^aEnglish language^vTextbooks for foreign speakers
650  0 ^aEnglish language^xExaminations^vStudy guides
650  0 ^aVocabulary^xExaminations^vStudy guides
653    ^aIELTS
945    ^p0^l0^i28371
999    ^aกัณชพร จุลอักษร
รายการนี้ยังไม่มีแท็ก
คุณยังไม่ได้ล็อกอิน คุณสามารถมีกิจกรรมร่วมกับเว็บไซต์ได้ แต่ต้องล็อกอินก่อน ::
  ล็อกอิน

รายการสื่อสารสนเทศ

ลำดับที่ ประเภท เลขเรียก/บาร์โค้ด สถานที่ สถานะ
1. หนังสือสำรอง
หนังสือสำรอง
PE1128 L887Be ฉ.1 
  Barcode: 28371
ห้องสมุดวิทยาเขตนครสวรรค์
►หนังสือทั่วไป:l:General Books
บนชั้น

BibComment


ยังไม่เคยถูกคอมเมนท์

คอมเมนท์ทรัพยากรรายการนี้
  คอมเมนท์: Barron s essenti..


 Copyright 2026. Bcnsprnw @Library